| 000 | | | 05628cam0a2200349#x 450 |
| 001 | | | 0240143a-c76a-4361-a66a-00fb5dc498d0 |
| 005 | | | 20241016145102.0 |
| 100 | ## | $a | 20241014j19430913k###0rusy50 ca |
| 101 | 0# | $a | rus |
| 102 | ## | $a | RU |
| 122 | 0# | $a | d19430913## |
| 200 | 1# | $a | Шифртелеграмма представителя СССР в Комиссии по репатриации в Алжире И. И. Авалова в НКИД СССР о взглядах председателя ФКНО Ш. де Голля на послевоенную организацию Европы |
| | $j | 13 сентября 1943 г. |
| 251 | ## | $c | Документ |
| 300 | ## | $a | 1-й экз. рассылки |
| 300 | ## | $a | Обратная нумерация листов |
| 461 | #0 | $1 | 2001 |
| | $a | Ф. 059 |
| | $1 | 251 |
| | $c | Фонд |
| | $1 | 852 |
| | $j | 059 |
| 462 | #0 | $1 | 2001 |
| | $a | Оп. 10. П. 1 |
| | $1 | 251 |
| | $c | Опись |
| | $1 | 852 |
| | $j | 10. П. 1 |
| 462 | #0 | $1 | 2001 |
| | $a | Д. 3 |
| | $v | Л. 58-57 |
| | $1 | 251 |
| | $c | Дело |
| | $1 | 852 |
| | $j | 3 |
| 601 | 01 | $2 | nlr_sh |
| | $3 | RU\NLR\AUTH\661367497 |
| | $a | СССР |
| | $b | Министерство иностранных дел |
| | $x | История |
| | $j | Документы и материалы |
| 605 | ## | $2 | prlib_sh |
| | $3 | LIBNET\UAF\0000088514 |
| | $a | Вторая мировая война в архивных документах (Комплекс оцифрованных архивных документов, кино- и фотоматериалов) |
| | $l | коллекция |
| 607 | ## | $2 | nlr_sh |
| | $3 | RU\NLR\AUTH\661042768 |
| | $a | СССР |
| | $x | Внешняя политика |
| | $z | 1941 - 1945 |
| | $j | Документы и материалы |
| 607 | ## | $2 | nlr_sh |
| | $3 | RU\NLR\AUTH\661469701 |
| | $a | СССР |
| | $x | Взаимоотношения |
| | $y | Франция |
| | $z | 1939 - 1945 |
| | $j | Документы и материалы |
| 607 | ## | $2 | nlr_sh |
| | $3 | RU\NLR\AUTH\661469702 |
| | $a | Франция |
| | $x | Взаимоотношения |
| | $y | СССР |
| | $z | 1939 - 1945 |
| | $j | Документы и материалы |
| 617 | ## | $2 | prlib_sh |
| | $a | Франция |
| | $f | 1943 |
| 686 | ## | $a | 63.3(2)622-64ю1 |
| | $2 | rubbk |
| | $v | LBC/M |
| 686 | ## | $a | 63.3(2)622-64(4Фра)ю1 |
| | $2 | rubbk |
| | $v | LBC/M |
| 686 | ## | $a | 63.3(4Фра)622-64(2)ю1 |
| | $2 | rubbk |
| | $v | LBC/M |
| 801 | #0 | $a | RU |
| | $b | ПБ им. Б.Н. Ельцина |
| | $c | 20241014 |
| 801 | #1 | $a | RU |
| | $b | ПБ им. Б.Н. Ельцина |
| | $c | 20241014 |
| | $2 | rusmarc |
| 801 | #2 | $a | RU |
| | $b | ПБ им. Б.Н. Ельцина |
| | $c | 20241016 |
| | $2 | rusmarc |
| 850 | ## | $a | Архив внешней политики Российской Федерации |
| 852 | ## | $a | АВП РФ |
| | $j | Л. 58-57 |
| 035 | ## | $a | LIBNET\0001429730 |
| 937 | ## | $d | 194253184 |
| | $h | Федеральное архивное агентство |
| 856 | 4# | $u | http://readingroom.main.prlib.ru/item.aspx?id_node=n194253184&mode=full |